000 00588nam a2200205 i 4500
001 C2-0302237
003 PPAK
005 20180728083320.0
008 100118s1987 my |||| ||||| | may d
040 _aPPAK
_beng
_cPPAK
_erda
082 0 4 _a499.23016
_223
090 0 0 _a499.23016
_bSEN
_dKIH
245 0 0 _aSenarai koleksi dalam bahasa melayu (malindo)
264 1 _aBangi, Selangor :
_bUniversiti Kebangsaan Malaysia ,
_c1987
300 _aiii, 232 pages ;
_c29 cm
336 _2rdacontent
_atext
337 _2rdamedia
_aunmediated
338 _2rdacarrier
_avolume
942 _ddc
_cB
999 _c105908
_d105908